[Event "Erkenschwick 2- Münster 3"]
[Site "?"]
[Date "2022.10.30"]
[Round "3.3"]
[White "Wieder, Heiner"]
[Black "Krings, Christoph"]
[Result "0-1"]
[WhiteElo "2105"]
[BlackElo "2154"]
[Annotator "daniel"]
[PlyCount "102"]
[SourceVersionDate "2023.06.22"]

1. e4 e6 2. d4 d5 3. Nd2 dxe4 4. Nxe4 Nd7 5. Nf3 Be7 6. Bd3 Ngf6 7. O-O O-O 8.
Qe2 b6 9. Re1 Bb7 10. Neg5 Bxf3 11. Nxf3 Re8 12. Bd2 Bf8 13. Rad1 c5 14. c3 Qc7
15. Ne5 Nxe5 16. dxe5 Nd5 17. Qe4 g6 18. h4 a6 19. h5 b5 20. c4 bxc4 $11 21.
Bxc4 Nb4 22. hxg6 hxg6 23. Bg5 Nc6 24. Bf6 Nd4 25. Rd3 Bg7 26. Bg5 Rad8 27.
Bxd8 Rxd8 28. b4 Rb8 29. bxc5 Nc6 30. f4 Nb4 31. Rd2 Qxc5+ 32. Kh2 Nc6 33. Bxa6
Qa5 34. Rc2 Ne7 35. Bc4 Nf5 36. Bb3 Qd8 37. g3 g5 38. g4 Nh4 39. f5 Rb5 40. f6
Rxe5 41. Qxe5 Nf3+ 42. Kg2 Nxe5 43. Rxe5 Bxf6 44. Rec5 Qd4 45. R2c4 Qd2+ 46.
Kf3 Qd3+ 47. Kg2 Qe2+ 48. Kg1 Be5 49. Rb5 Bf4 50. a4 Be3+ 51. Kh1 Qf2 0-1

[Event "Erkenschwick 2- Münster 3"]
[Site "?"]
[Date "2022.10.30"]
[Round "3.4"]
[White "Trzaska, Peter"]
[Black "Baumann, Stephan"]
[Result "1-0"]
[WhiteElo "2070"]
[BlackElo "2057"]
[PlyCount "51"]
[SourceVersionDate "2023.06.22"]

1. c4 e5 2. Nf3 Nc6 3. Nc3 f5 4. d3 Bb4 5. g3 Nf6 6. Bg2 O-O 7. O-O Bxc3 8.
bxc3 d6 9. Rb1 Qe8 10. e3 Qh5 11. Nd2 Qh6 12. c5 f4 13. exf4 exf4 14. Ne4 Nxe4
15. Bxe4 Ne5 16. f3 dxc5 17. Bxf4 Rxf4 18. gxf4 Qxf4 19. Qc1 Qf6 20. Qe3 Bh3
21. f4 Qh6 22. Bd5+ Nf7 23. Rf3 Bf5 24. Rxb7 Qd6 25. Qe5 Rf8 26. Qxf5 1-0

[Event "Erkenschwick 2- Münster 3"]
[Site "?"]
[Date "2022.10.30"]
[Round "3.5"]
[White "Seegers, Hendrik"]
[Black "Jungbluth, Rolf"]
[Result "1-0"]
[WhiteElo "2103"]
[BlackElo "2096"]
[Annotator "daniel"]
[PlyCount "73"]
[SourceVersionDate "2023.06.22"]

1. d4 d5 2. Nf3 Nf6 3. Bf4 e6 4. e3 Bd6 5. c3 O-O 6. Nbd2 c6 7. Bd3 Bxf4 8.
exf4 c5 9. O-O cxd4 10. Nxd4 Nc6 11. Qe2 Re8 12. Rfe1 Nxd4 13. cxd4 Nd7 14.
Rac1 a6 15. Rc3 Qf6 16. Qe3 Nf8 17. Nf3 g6 18. Ne5 Qd8 19. Rec1 f6 20. Nf3 Re7
21. h4 Bd7 22. Rc7 Bc6 $11 23. Rxe7 Qxe7 24. g4 Re8 25. g5 Nd7 26. Kg2 Qg7 27.
a3 Qf7 28. Kg3 Qf8 29. Bxa6 Qd6 30. Bd3 fxg5 31. hxg5 Rf8 32. Rh1 b5 33. Rc1
Nb6 34. Qe5 Qxe5 35. Nxe5 Be8 36. b3 Nd7 37. Ng4 1-0

[Event "Erkenschwick 2- Münster 3"]
[Site "?"]
[Date "2022.10.30"]
[Round "3.6"]
[White "Schulze Bisping, Franz"]
[Black "Meyer, Ulrich"]
[Result "0-1"]
[WhiteElo "1886"]
[BlackElo "1837"]
[PlyCount "94"]
[SourceVersionDate "2023.06.22"]

1. d4 d5 2. c4 e6 3. Nc3 Nf6 4. Bg5 Be7 5. Nf3 O-O 6. e3 Ne4 7. Bxe7 Qxe7 8.
cxd5 Nxc3 9. bxc3 exd5 10. Qb3 Rd8 11. c4 Be6 12. Rc1 c5 13. dxc5 Qxc5 14. Nd4
Nc6 15. Nxe6 fxe6 16. Be2 d4 17. O-O b6 18. Bf3 Rac8 19. Bxc6 Rxc6 20. Rfd1 e5
21. exd4 exd4 22. Rd3 Re6 23. Qa4 Rde8 24. Rf1 Rc8 25. Qd7 Rd6 26. Qxa7 Qxc4
27. Rg3 Qc7 28. Qa3 Qc5 29. Qb3+ Qc4 30. Rc1 Re6 31. Rd1 Qxb3 32. Rxb3 Rc2 33.
h3 Rd6 34. Rbd3 Rxa2 35. Rxd4 Rxd4 36. Rxd4 Ra7 37. Rb4 Rb7 38. Kf1 Kf7 39. Ke2
Ke6 40. Kd3 Kd5 41. Rb5+ Kc6 42. Kc4 Rf7 43. Rg5 g6 44. f3 Rf4+ 45. Kb3 Rf5 46.
Rxf5 gxf5 47. g4 Kd5 0-1

[Event "Erkenschwick 2- Münster 3"]
[Site "?"]
[Date "2022.10.30"]
[Round "3.7"]
[White "Ollech, Dirk"]
[Black "Strohmann, Marcel"]
[Result "1/2-1/2"]
[WhiteElo "1913"]
[BlackElo "1856"]
[PlyCount "113"]
[SourceVersionDate "2023.06.22"]

1. e4 Nf6 2. e5 Nd5 3. d4 d6 4. c4 Nb6 5. f4 dxe5 6. fxe5 Nc6 7. Nf3 Bg4 8. Be2
e6 9. c5 Nd5 10. O-O Nde7 11. Nc3 Bxf3 12. Bxf3 Qxd4+ 13. Qxd4 Nxd4 14. Bxb7
Rb8 15. Be4 Ng6 16. Bxg6 hxg6 17. Na4 Ne2+ 18. Kf2 Nxc1 19. Raxc1 Rxh2 20. Rc4
Rd8 21. Kg1 Rh5 22. Rcf4 Rf5 23. b4 Rxf4 24. Rxf4 Rd1+ 25. Kh2 Re1 26. Nc3 a6
27. Re4 Rxe4 28. Nxe4 Be7 29. Kg3 Kd7 30. Kf4 Kc6 31. Nc3 f6 32. Ke4 f5+ 33.
Kd4 Bh4 34. Ne2 Bf2+ 35. Kc4 g5 36. a4 Kd7 37. b5 axb5+ 38. Kxb5 f4 39. a5 Be3
40. a6 Kc8 41. Kc6 Kb8 42. a7+ Kxa7 43. Kxc7 g4 44. Kd6 f3 45. gxf3 gxf3 46.
Ng3 Kb8 47. c6 Bf4 48. Nf1 g5 49. Kd7 Bxe5 50. Kxe6 Bf4 51. Kf5 Kc7 52. Ke4 f2
53. Kf3 Kxc6 54. Kxf2 g4 55. Ne3 g3+ 56. Kg2 Bxe3 57. Kxg3 1/2-1/2

[Event "Erkenschwick 2- Münster 3"]
[Site "?"]
[Date "2022.10.30"]
[Round "3.8"]
[White "Al Marawi, Abdulhadi"]
[Black "Wingenfeld, Klaus"]
[Result "1-0"]
[WhiteElo "1978"]
[BlackElo "1860"]
[PlyCount "75"]
[SourceVersionDate "2023.06.22"]

1. Nf3 d5 2. d4 c6 3. c4 Nf6 4. Nc3 e6 5. Bg5 Nbd7 6. e3 Qa5 7. Nd2 Bb4 8. Qc2
Ne4 9. Ndxe4 dxe4 10. Bf4 Nf6 11. Be2 O-O 12. O-O Bxc3 13. bxc3 Re8 14. Rfc1
Qf5 15. h3 h5 16. Rab1 g5 17. Be5 Nd7 18. Bd6 Qg6 19. Qd1 h4 20. Bh5 Qh6 21.
Be2 Kg7 22. f4 Rg8 23. fxg5 Qxg5 24. Bf4 Qe7 25. Bh5 Kf8 26. c5 e5 27. Bh2 Qg5
28. Rc2 Nf6 29. Bxf7 Kxf7 30. Bxe5 Qxe3+ 31. Kh1 Rg6 32. Re2 Qg5 33. Qf1 Kg8
34. Rf2 Nd7 35. Qc4+ Kh7 36. Rf7+ Rg7 37. Rxg7+ Qxg7 38. Bxg7 1-0

[Event "Steinfurt- Bielefeld"]
[Site "?"]
[Date "2022.10.30"]
[Round "3.1"]
[White "Pollmueller, Michael"]
[Black "Arning, Marcus"]
[Result "1/2-1/2"]
[WhiteElo "2138"]
[BlackElo "1984"]
[PlyCount "62"]
[SourceVersionDate "2023.06.22"]

1. d4 Nf6 2. Nf3 e6 3. c4 Bb4+ 4. Bd2 c5 5. Bxb4 cxb4 6. a3 Qe7 7. Qb3 Na6 8.
e3 b6 9. Nbd2 bxa3 10. bxa3 O-O 11. Bd3 Nc7 12. O-O d5 13. Rfc1 dxc4 14. Bxc4
Bb7 15. a4 Bd5 16. Ne5 Rfc8 17. a5 b5 18. Bxd5 Nfxd5 19. e4 Nf4 20. Qf3 Ng6 21.
Nd3 e5 22. d5 Ne8 23. Qd1 Nd6 24. Qb3 Qg5 25. Nf3 Qf6 26. Qb4 Nf4 27. Nxf4 Qxf4
28. Rc6 Nxe4 29. Qxb5 Nf6 30. Qc5 Rd8 31. Rd1 e4 1/2-1/2

[Event "Steinfurt- Bielefeld"]
[Site "?"]
[Date "2022.10.30"]
[Round "3.2"]
[White "Yust, Evgeniy"]
[Black "Winkler, Yonathan"]
[Result "0-1"]
[WhiteElo "2133"]
[BlackElo "1918"]
[PlyCount "66"]
[SourceVersionDate "2023.06.22"]

1. e4 c5 2. Nc3 Nc6 3. d3 e6 4. g3 g6 5. Bg2 Bg7 6. f4 h5 7. Nf3 Nd4 8. O-O Ne7
9. Bd2 Nec6 10. Rb1 d6 11. Ne2 Bd7 12. c3 Nxf3+ 13. Rxf3 Ne7 14. Be3 Bc6 15.
Rf2 b6 16. Qc2 Qd7 17. Bh3 f5 18. Bg2 h4 19. Rd1 hxg3 20. Nxg3 O-O-O 21. d4 Qb7
22. b4 cxb4 23. cxb4 Kb8 24. b5 Bxe4 25. Nxe4 fxe4 26. Bxe4 d5 27. Bg2 Nf5 28.
Re2 Rc8 29. Qb3 Qd7 30. Bf2 Rc4 31. Qb2 Qd6 32. a3 Qxf4 33. h3 Nxd4 0-1

[Event "Steinfurt- Bielefeld"]
[Site "?"]
[Date "2022.10.30"]
[Round "3.3"]
[White "Koehler, Justus"]
[Black "Haselhorst, Helmut"]
[Result "1-0"]
[WhiteElo "1966"]
[BlackElo "2048"]
[PlyCount "89"]
[SourceVersionDate "2023.06.22"]

1. e4 c6 2. d4 d5 3. e5 c5 4. dxc5 e6 5. a3 Bxc5 6. b4 Bb6 7. Bb2 Ne7 8. Nf3
O-O 9. Bd3 Ng6 10. g3 Nc6 11. b5 Nce7 12. Qe2 f6 13. O-O Nxe5 14. Nxe5 fxe5 15.
Qxe5 Rf7 16. Nd2 Ng6 17. Bxg6 hxg6 18. c4 Bd7 19. a4 Rc8 20. Rad1 Qf8 21. Bd4
Bxd4 22. Qxd4 Rc5 23. f4 Bc8 24. Qe3 b6 25. cxd5 exd5 26. Nf3 Re7 27. Qb3 Bb7
28. Rfe1 Kh8 29. Qd3 Re4 30. Ng5 Rc8 31. Nxe4 dxe4 32. Qd6 Qf5 33. Qd7 Ba8 34.
Qxf5 gxf5 35. Rc1 Re8 36. Kf2 Bd5 37. Rc7 Bb3 38. Rxa7 Rc8 39. a5 bxa5 40. b6
Rb8 41. b7 Kh7 42. Rc1 Bd5 43. Rc5 Rxb7 44. Rxb7 Bxb7 45. Rxf5 1-0

[Event "Steinfurt- Bielefeld"]
[Site "?"]
[Date "2022.10.30"]
[Round "3.7"]
[White "Borgstaedt, Leif Jona"]
[Black "Stoeckmann, Helmut"]
[Result "0-1"]
[WhiteElo "1443"]
[BlackElo "1968"]
[PlyCount "60"]
[SourceVersionDate "2023.06.22"]

1. d4 Nf6 2. Bf4 c5 3. e3 cxd4 4. exd4 Qb6 5. b3 Nc6 6. Nf3 g6 7. c3 Bg7 8. Qc2
O-O 9. Na3 Nd5 10. Nc4 Qd8 11. Bg3 d6 12. Ne3 Nf6 13. O-O-O Bd7 14. d5 Nb8 15.
h4 h5 16. Nd4 a5 17. a4 Na6 18. Bc4 Nc5 19. Bd3 Rc8 20. Bf4 Qc7 21. Bb5 Nce4
22. f3 Nxc3 23. Bc4 Nxd1 24. Rxd1 Qc5 25. Qd3 Nxd5 26. Nxd5 Qxd5 27. Kb1 Rxc4
28. bxc4 Qxd4 29. Qxd4 Bxd4 30. Rxd4 e5 0-1

[Event "Kirchlengern- Herford"]
[Site "?"]
[Date "2022.10.30"]
[Round "3.1"]
[White "Loemker, Michael"]
[Black "Gulatz, Maurice"]
[Result "1/2-1/2"]
[WhiteElo "2087"]
[BlackElo "2212"]
[PlyCount "69"]
[SourceVersionDate "2023.06.22"]

1. d4 d5 2. c4 e6 3. Nf3 Nf6 4. Nc3 Be7 5. Bg5 O-O 6. e3 b6 7. cxd5 Nxd5 8.
Bxe7 Qxe7 9. Nxd5 exd5 10. Rc1 Bb7 11. Bd3 c5 12. dxc5 bxc5 13. O-O g6 14. Re1
Nd7 15. Qa4 Rfc8 16. Qa3 a5 17. Bb5 Nf6 18. Rc2 Kf8 19. b3 Bc6 20. Bxc6 Rxc6
21. Rec1 Nd7 22. Qa4 Rb6 23. Rd1 Qe6 24. Qh4 h5 25. Qg5 a4 26. bxa4 Rxa4 27. h3
Rd6 28. Qh6+ Ke7 29. Rcd2 Qf5 30. Qh8 Qf6 31. Qc8 Rc6 32. Qb7 Rb4 33. Qa7 Ra6
34. Qc7 Rc6 35. Qa7 1/2-1/2

[Event "Kirchlengern- Herford"]
[Site "?"]
[Date "2022.10.30"]
[Round "3.2"]
[White "Braun, Peter"]
[Black "Quelle, Helmut"]
[Result "0-1"]
[WhiteElo "1901"]
[BlackElo "2117"]
[PlyCount "92"]
[SourceVersionDate "2023.06.22"]

1. Nc3 d5 2. d4 Nf6 3. Bf4 e6 4. Nb5 Na6 5. e3 c6 6. Nc3 b6 7. Nf3 Bb7 8. Ne5
Rc8 9. Qf3 Bb4 10. Bd3 O-O 11. Qh3 g6 12. Bg5 Be7 13. Qh4 Rc7 14. a3 Nb8 15.
O-O Ne8 16. f4 f5 17. Rf3 Bxg5 18. fxg5 Rg7 19. Raf1 Nd7 20. Nxd7 Qxd7 21. e4
dxe4 22. Qxe4 c5 23. d5 Bxd5 24. Nxd5 exd5 25. Qf4 c4 26. Be2 Re7 27. Re3 Nc7
28. Rxe7 Qxe7 29. Bf3 Qc5+ 30. Kh1 Re8 31. g4 fxg4 32. Qxg4 d4 33. Qd7 Re7 34.
Qd8+ Re8 35. Qd7 Re7 36. Qd8+ Kg7 37. Bg2 Ne6 38. Qa8 d3 39. cxd3 cxd3 40. Bd5
d2 41. Bxe6 Rxe6 42. Qb7+ Qe7 43. Qd5 Qd6 44. Qb7+ Re7 45. Qf3 Rd7 46. Qc3+ Qd4
0-1

[Event "Kirchlengern- Herford"]
[Site "?"]
[Date "2022.10.30"]
[Round "3.3"]
[White "Hanisch, Bernd"]
[Black "Ott, Mathias"]
[Result "0-1"]
[WhiteElo "2053"]
[BlackElo "1968"]
[PlyCount "108"]
[SourceVersionDate "2023.06.22"]

1. c4 Nf6 2. Nc3 d5 3. cxd5 Nxd5 4. Nf3 g6 5. d4 Bg7 6. e3 O-O 7. Bc4 Nxc3 8.
bxc3 c5 9. O-O Nc6 10. Ba3 cxd4 11. cxd4 Qa5 12. Bb2 Bg4 13. Be2 Rfd8 14. Qb3
Be6 15. Qa3 Rac8 16. Rfc1 Bf6 17. Bc4 Bxc4 18. Rxc4 Qxa3 19. Bxa3 b5 20. Rc5 b4
21. Bb2 Nxd4 22. Rxc8 Nxf3+ 23. gxf3 Rxc8 24. Bxf6 exf6 25. Rb1 a5 26. Rb2 Rc1+
27. Kg2 Kf8 28. f4 Ke7 29. Rd2 Rc4 30. Kf3 a4 31. Ke2 Ke6 32. h3 g5 33. fxg5
fxg5 34. Kd1 h5 35. Rd8 b3 36. axb3 axb3 37. Rb8 Rc2 38. f4 Rg2 39. Rxb3 gxf4
40. exf4 h4 41. Ke1 Kf5 42. Kf1 Rg3 43. Rxg3 hxg3 44. Kg2 Kxf4 45. h4 Kg4 46.
h5 Kxh5 47. Kxg3 Kg5 48. Kf3 Kf5 49. Kg3 Ke4 50. Kf2 Kf4 51. Ke2 Kg3 52. Ke3 f5
53. Ke2 f4 54. Ke1 Kg2 0-1

[Event "Kirchlengern- Herford"]
[Site "?"]
[Date "2022.10.30"]
[Round "3.4"]
[White "Knollmann, Benjamin"]
[Black "Klemme, Thomas"]
[Result "1/2-1/2"]
[WhiteElo "1878"]
[BlackElo "1984"]
[PlyCount "52"]
[SourceVersionDate "2023.06.22"]

1. d4 d5 2. c4 e6 3. Nf3 Nf6 4. Nc3 c6 5. Bg5 Nbd7 6. e3 Qa5 7. Bh4 Bb4 8. Qb3
Ne4 9. Rc1 O-O 10. Bd3 e5 11. Bxe4 dxe4 12. Nxe5 Nxe5 13. dxe5 Re8 14. O-O Bxc3
15. Qxc3 Qxc3 16. Rxc3 Rxe5 17. Rd1 Bf5 18. f3 Rae8 19. Kf2 f6 20. Bg3 R5e7 21.
Rd4 Kf7 22. Bd6 Rd7 23. Bc5 Rxd4 24. Bxd4 a6 25. a3 h5 26. Rc1 Rd8 1/2-1/2

[Event "Kirchlengern- Herford"]
[Site "?"]
[Date "2022.10.30"]
[Round "3.8"]
[White "Taubert, Tobias"]
[Black "Haas, Ralf"]
[Result "1-0"]
[WhiteElo "1842"]
[BlackElo "1594"]
[PlyCount "59"]
[SourceVersionDate "2023.06.22"]

1. d4 Nf6 2. Nf3 d6 3. Bf4 g6 4. Nbd2 Bg7 5. c3 O-O 6. e4 c5 7. d5 b6 8. Be2
Ba6 9. O-O Nh5 10. Bg5 h6 11. Be3 Bxe2 12. Qxe2 e5 13. dxe6 fxe6 14. Rad1 Qc7
15. Nc4 d5 16. exd5 exd5 17. Rxd5 Nf4 18. Bxf4 Qxf4 19. Qe6+ Qf7 20. Qxf7+ Rxf7
21. Nce5 Rf6 22. Rd8+ Rf8 23. Rxf8+ Kxf8 24. Nxg6+ Kf7 25. Nge5+ Kf8 26. Rd1
Na6 27. Nc6 Ke8 28. Nfe5 Nc7 29. Rd7 Bxe5 30. Nxe5 1-0

[Event "Porta Westfalica- Iserlohn"]
[Site "?"]
[Date "2022.10.30"]
[Round "3.1"]
[White "Scheider, Julian"]
[Black "Jannik, Liebelt"]
[Result "1/2-1/2"]
[WhiteElo "2342"]
[BlackElo "2126"]
[Annotator "daniel"]
[PlyCount "85"]
[SourceVersionDate "2023.06.22"]

1. e4 c5 2. Nf3 Nc6 3. d4 cxd4 4. Nxd4 Nf6 5. Nc3 e6 6. Ndb5 Bb4 7. a3 Bxc3+ 8.
Nxc3 d5 9. exd5 exd5 10. Bd3 O-O 11. O-O Bg4 12. Ne2 Qb6 13. Qd2 Bxe2 14. Bxe2
Rfe8 15. Bd3 Re6 16. b4 Ne4 17. Qe3 Qxe3 $11 18. Bxe3 Ne5 19. Rfd1 Nc3 20. Rd2
Ne4 21. Bxe4 dxe4 22. Rd4 f5 23. c4 Rc8 24. c5 a6 25. Rad1 Kf7 26. Kf1 h6 27.
Rd5 Rce8 28. h4 Kg6 29. Bd4 Nc4 30. a4 e3 31. fxe3 Nxe3+ 32. Bxe3 Rxe3 33. Rd7
R8e7 34. R1d5 Re1+ 35. Kf2 R1e2+ 36. Kg1 R2e4 37. Rxe7 Rxe7 38. Rd4 Kh5 39. Kf2
Rc7 40. Kf3 a5 41. g3 axb4 42. Rxb4 Rxc5 43. Rxb7 1/2-1/2

[Event "Porta Westfalica- Iserlohn"]
[Site "?"]
[Date "2022.10.30"]
[Round "3.2"]
[White "Adyaman, Rene"]
[Black "Eckardt, Joshua"]
[Result "1-0"]
[WhiteElo "2094"]
[BlackElo "2269"]
[Annotator "daniel"]
[PlyCount "79"]
[SourceVersionDate "2023.06.22"]

1. e4 e6 2. d4 d5 3. Nd2 c5 4. Ngf3 cxd4 5. exd5 Qxd5 6. Bc4 Qd7 7. O-O Nc6 8.
Nb3 Nf6 9. Nbxd4 Nxd4 10. Nxd4 a6 11. a4 Bd6 12. Nb5 Bb8 13. Qf3 O-O 14. Rd1
Qe7 15. Qa3 Qxa3 16. Nxa3 Bd7 17. a5 Bc6 18. Be2 Ba7 19. Bd2 Rfd8 20. Be1 h6
21. Rxd8+ Rxd8 22. Rd1 Rxd1 23. Bxd1 g5 24. c4 Ne4 25. b4 f5 26. Kf1 Bd4 27. f3
Nd6 28. Bf2 Be5 29. g3 Bb2 30. Bc5 Nf7 31. Nc2 Ne5 32. Bd4 Nxc4 33. Bxb2 Nxb2
34. Be2 Kf7 35. Na3 Na4 36. Nb1 Kf6 37. Ke1 Ke5 38. Kd2 Kd4 39. Na3 f4 40. g4 {
ZÜ} 1-0

[Event "Porta Westfalica- Iserlohn"]
[Site "?"]
[Date "2022.10.30"]
[Round "3.3"]
[White "Messarius, Juergen"]
[Black "Kirnos, Evgeni"]
[Result "1/2-1/2"]
[WhiteElo "2186"]
[BlackElo "2211"]
[PlyCount "39"]
[SourceVersionDate "2023.06.22"]

1. e4 e5 2. Nf3 Nc6 3. d4 exd4 4. Nxd4 d6 5. g3 Nf6 6. Bg2 Bd7 7. O-O Be7 8. c4
O-O 9. Nc3 Re8 10. h3 a6 11. Nde2 Rb8 12. a4 Nb4 13. Re1 Bf8 14. Bf4 Be6 15. b3
Nd7 16. Qd2 Nc5 17. Nc1 a5 18. g4 Be7 19. Rb1 h6 20. Be3 1/2-1/2

[Event "Porta Westfalica- Iserlohn"]
[Site "?"]
[Date "2022.10.30"]
[Round "3.4"]
[White "Friesen, Viktor"]
[Black "Kind, Bertram"]
[Result "0-1"]
[WhiteElo "2170"]
[BlackElo "2137"]
[PlyCount "68"]
[SourceVersionDate "2023.06.22"]

1. Nf3 d5 2. g3 Bf5 3. Bg2 Nc6 4. d4 e6 5. O-O Nf6 6. c4 Be7 7. Nc3 O-O 8. Ne5
h6 9. cxd5 exd5 10. Nxc6 bxc6 11. Bf4 g5 12. Be3 Rb8 13. Na4 Ng4 14. Bd2 Nf6
15. a3 Ne4 16. Rc1 Qd7 17. b4 Qe6 18. f3 Nxd2 19. Qxd2 Qg6 20. Rfe1 Bd7 21. Nc5
Bxc5 22. Rxc5 Rb5 23. Rec1 Rxc5 24. Rxc5 Re8 25. e4 dxe4 26. fxe4 Qe6 27. h3 f6
28. Qc2 Kg7 29. e5 fxe5 30. Bxc6 exd4 31. Bg2 c6 32. Kh2 Re7 33. Bxc6 Qxh3+ 34.
Kg1 Re1+ 0-1

[Event "Porta Westfalica- Iserlohn"]
[Site "?"]
[Date "2022.10.30"]
[Round "3.5"]
[White "Klauke, Stefan"]
[Black "Ringe, Christian"]
[Result "1-0"]
[WhiteElo "2099"]
[BlackElo "1860"]
[PlyCount "139"]
[SourceVersionDate "2023.06.22"]

1. e4 c5 2. Nf3 d6 3. Bb5+ Bd7 4. Bxd7+ Nxd7 5. Nc3 Ngf6 6. d4 cxd4 7. Qxd4 Qb6
8. Qxb6 Nxb6 9. Bg5 e6 10. O-O-O a6 11. Rd4 Nbd7 12. Rc4 Be7 13. Re1 h6 14. Bh4
g5 15. Bg3 Nh5 16. Rc7 Nxg3 17. hxg3 Rb8 18. Rd1 Nc5 19. b4 Bd8 20. bxc5 Bxc7
21. cxd6 Ba5 22. Ne2 O-O 23. Nfd4 Bb6 24. f4 Kg7 25. Rd3 Bc5 26. Nf3 Rfd8 27.
e5 g4 28. Nd2 Kg6 29. Ne4 Rbc8 30. Kb2 h5 31. N2c3 b5 32. a3 Bb6 33. Nf6 Rc4
34. Nce4 Rdc8 35. c3 Rh8 36. d7 Bd8 37. Rd6 Kf5 38. Nd2 Rc7 39. Ne8 Ra7 40. Nb3
Ra8 41. Nd4+ Ke4 42. Nc6 Ke3 43. Kc2 Kf2 44. Rd3 h4 45. Nd6 hxg3 46. Nxf7 Bh4
47. Rd2+ Ke3 48. Nxh8 Rxh8 49. d8=Q Bxd8 50. Nxd8 Kxf4 51. Nxe6+ Kxe5 52. Re2+
Kd6 53. Ng5 Kc6 54. Ne4 Rf8 55. Nxg3 Rf4 56. Ne4 Kb6 57. Nd2 Rf8 58. Re4 Rg8
59. Kd3 Kb7 60. Ke3 Rc8 61. c4 bxc4 62. Rxc4 Rg8 63. Ne4 Kb6 64. Nf6 Rg6 65.
Nxg4 Kb5 66. Re4 a5 67. a4+ Kc5 68. Kf4 Rg8 69. Ne3 Kb6 70. g4 1-0

[Event "Porta Westfalica- Iserlohn"]
[Site "?"]
[Date "2022.10.30"]
[Round "3.7"]
[White "Meinecke, Gerd"]
[Black "Peters, Waldemar"]
[Result "1-0"]
[WhiteElo "1993"]
[BlackElo "1724"]
[PlyCount "65"]
[SourceVersionDate "2023.06.22"]

1. d4 c6 2. Bf4 d5 3. Nf3 Bf5 4. e3 e6 5. Bd3 Bxd3 6. Qxd3 Bd6 7. Ne5 Bxe5 8.
Bxe5 Nf6 9. Nd2 Nbd7 10. Bg3 O-O 11. O-O Re8 12. e4 dxe4 13. Nxe4 Nxe4 14. Qxe4
Qb6 15. b3 Rac8 16. c4 Nf6 17. Qe3 c5 18. dxc5 Rxc5 19. f3 Rc6 20. Qxb6 axb6
21. Rfd1 Rec8 22. Be5 h6 23. a4 Kh7 24. Bxf6 gxf6 25. Rd7 R6c7 26. Rad1 Kg6 27.
Rxc7 Rxc7 28. Rd6 Kf5 29. Kf2 Ke5 30. Rxb6 Rd7 31. Ke3 f5 32. f4+ Kf6 33. c5
1-0

[Event "Nienberge- Werther"]
[Site "?"]
[Date "2022.10.30"]
[Round "3.1"]
[White "Haskenhoff, Jan"]
[Black "Mikeladze, Berdia"]
[Result "1/2-1/2"]
[WhiteElo "2188"]
[BlackElo "2133"]
[PlyCount "134"]
[SourceVersionDate "2023.06.22"]

1. e4 c6 2. d4 d6 3. Nc3 Nd7 4. Nf3 e5 5. Bc4 Be7 6. a4 Ngf6 7. O-O O-O 8. h3
a5 9. Re1 h6 10. Be3 Qc7 11. Bb3 Re8 12. Nh4 Nf8 13. Qf3 exd4 14. Bxd4 Ne6 15.
Be3 Ng5 16. Bxg5 hxg5 17. Nf5 Bf8 18. Qg3 Bxf5 19. exf5 Qd7 20. Qxg5 d5 21. h4
Bb4 22. h5 Rxe1+ 23. Rxe1 Re8 24. Rxe8+ Qxe8 25. h6 Qe1+ 26. Kh2 Bd6+ 27. f4
Bf8 28. Qg3 Qf1 29. Qf3 Qxf3 30. h7+ Kxh7 31. gxf3 Bd6 32. Ne2 Nh5 33. Kh3
Nxf4+ 34. Nxf4 Bxf4 35. c4 d4 36. Bc2 Kg8 37. Kg2 Kf8 38. Kf1 Ke7 39. Ke2 Kd6
40. Kd3 Ke5 41. b3 Be3 42. Ke2 Kd6 43. Be4 Kc5 44. Kd3 Bf4 45. Kc2 Bc7 46. Kd3
Bb6 47. Kd2 Kd6 48. Kd3 Ke5 49. Ke2 Kf6 50. Kd3 g5 51. fxg6 fxg6 52. Ke2 g5 53.
Bd3 Ke5 54. Bg6 Bc5 55. Bd3 Be7 56. Bg6 Bf6 57. Bd3 Kd6 58. Bf5 Kc5 59. Kd3 Kb4
60. Kc2 Be5 61. Bg6 c5 62. Bd3 Bf4 63. Be2 Bg3 64. Bd3 Be1 65. Be2 Bc3 66. Bd3
Ka3 67. Be2 b6 1/2-1/2

[Event "Nienberge- Werther"]
[Site "?"]
[Date "2022.10.30"]
[Round "3.2"]
[White "Remmeke, Hans"]
[Black "Freiberger, Jonas"]
[Result "1/2-1/2"]
[WhiteElo "2098"]
[BlackElo "2236"]
[PlyCount "87"]
[SourceVersionDate "2023.06.22"]

1. d4 f5 2. Nf3 Nf6 3. g3 g6 4. Bg2 Bg7 5. O-O O-O 6. b3 d6 7. Bb2 c6 8. c4 a5
9. Qc2 Na6 10. a3 Bd7 11. Nbd2 Qc7 12. e4 Nxe4 13. Nxe4 fxe4 14. Qxe4 Nc5 15.
Qe3 a4 16. b4 Nb3 17. Ra2 Rae8 18. Nd2 e5 19. dxe5 Nxd2 20. Qxd2 dxe5 21. Raa1
Be6 22. Rac1 Qf7 23. Qc3 Rd8 24. c5 Rd4 25. Qe3 Bc4 26. Bxd4 exd4 27. Qd2 Bxf1
28. Bxf1 Qf3 29. Bd3 Kh8 30. Re1 Bh6 31. Qe2 Qxe2 32. Bxe2 Re8 33. Kf1 Bd2 34.
Rd1 Bc3 35. Rd3 Kg7 36. Rf3 Re5 37. Rd3 Kf6 38. f4 Re7 39. Kf2 Bb2 40. Bd1 Re8
41. Kf3 h5 42. Bxa4 Ra8 43. Bc2 Rxa3 44. Rxa3 1/2-1/2

[Event "Nienberge- Werther"]
[Site "?"]
[Date "2022.10.30"]
[Round "3.4"]
[White "Kemper, Georg"]
[Black "Henkemeier, Markus"]
[Result "1/2-1/2"]
[WhiteElo "2005"]
[BlackElo "2024"]
[PlyCount "80"]
[SourceVersionDate "2023.06.22"]

1. d4 d5 2. c4 c6 3. Nf3 Nf6 4. g3 e6 5. Nbd2 Bd6 6. Bg2 O-O 7. O-O Nbd7 8. Qc2
Re8 9. e4 dxe4 10. Nxe4 Nxe4 11. Qxe4 Nf6 12. Qc2 h6 13. b3 Qe7 14. Bb2 Ba3 15.
Bxa3 Qxa3 16. Rab1 Rd8 17. Rfd1 Bd7 18. b4 Qa6 19. Ne5 Qb6 20. a4 Be8 21. c5
Qc7 22. Nc4 Bd7 23. b5 Ne8 24. Qe4 Rab8 25. Ne5 Nf6 26. Qf3 cxb5 27. axb5 Be8
28. Nc4 b6 29. c6 Nd5 30. Rbc1 Rbc8 31. Ne3 a6 32. Nxd5 exd5 33. Qb3 axb5 34.
Bxd5 Qd6 35. Bg2 Bxc6 36. Bxc6 Rxc6 37. Rb1 Rc4 38. Qxb5 Rxd4 39. Rxd4 Qxd4 40.
Qxb6 Qxb6 1/2-1/2

[Event "Nienberge- Werther"]
[Site "?"]
[Date "2022.10.30"]
[Round "3.5"]
[White "Ortpaul, Mario"]
[Black "Ringwelski, Marius"]
[Result "0-1"]
[WhiteElo "1923"]
[BlackElo "2005"]
[PlyCount "88"]
[SourceVersionDate "2023.06.22"]

1. Nf3 c5 2. c4 Nc6 3. d4 cxd4 4. Nxd4 Nf6 5. Nc3 g6 6. e3 Bg7 7. Be2 O-O 8.
O-O d6 9. b3 Bd7 10. Bb2 a6 11. Rc1 Qa5 12. Bf3 Rab8 13. Nd5 Nxd5 14. Nxc6 Bxc6
15. Bxg7 Nxe3 16. fxe3 Kxg7 17. Qd4+ e5 18. Qxd6 Rbd8 19. b4 Rxd6 20. bxa5 e4
21. Rfd1 Rfd8 22. Rxd6 Rxd6 23. Rd1 Rxd1+ 24. Bxd1 Kf6 25. Kf2 Ke5 26. Ke2 Kd6
27. Kd2 Kc5 28. Kc3 Bd7 29. g4 f5 30. h3 h6 31. gxf5 Bxf5 32. h4 g5 33. hxg5
hxg5 34. Be2 g4 35. Bf1 Be6 36. Bg2 Bxc4 37. Bxe4 Bd5 38. Kd3 g3 39. Bxd5 Kxd5
40. e4+ Ke5 41. Ke3 g2 42. Kf2 Kxe4 43. Kxg2 Kd4 44. Kf3 Kc3 0-1

[Event "Nienberge- Werther"]
[Site "?"]
[Date "2022.10.30"]
[Round "3.6"]
[White "Gottkehaskamp, Philipp"]
[Black "Hufendiek, Ekkehard"]
[Result "1-0"]
[WhiteElo "2053"]
[BlackElo "1903"]
[PlyCount "49"]
[SourceVersionDate "2023.06.22"]

1. d4 Nf6 2. Nf3 e6 3. g3 b6 4. Bg2 Bb7 5. O-O c5 6. c4 Na6 7. Nc3 cxd4 8. Nxd4
Bxg2 9. Kxg2 Qc8 10. Bg5 Qxc4 11. Bxf6 gxf6 12. Rc1 Be7 13. e4 Bc5 14. Ncb5 Qb4
15. a3 Qxb2 16. Rc2 Bxd4 17. Rxb2 Bxb2 18. f4 O-O 19. Rf2 Bxa3 20. Nxa3 Nc5 21.
f5 Kh8 22. Rf4 Rad8 23. Rh4 Rg8 24. Qh5 Rg7 25. e5 1-0

[Event "Nienberge- Werther"]
[Site "?"]
[Date "2022.10.30"]
[Round "3.7"]
[White "Henkemeier, Michael"]
[Black "Emiroglu, Murat"]
[Result "0-1"]
[WhiteElo "1846"]
[BlackElo "2120"]
[PlyCount "58"]
[SourceVersionDate "2023.06.22"]

1. d4 d5 2. Nf3 Nf6 3. c4 c6 4. Nc3 a6 5. cxd5 cxd5 6. Qb3 Nc6 7. Bf4 e6 8. e3
Be7 9. Bd3 O-O 10. O-O b5 11. Rac1 Bb7 12. h3 Na5 13. Qc2 Rc8 14. Qe2 Ne4 15.
Bxe4 dxe4 16. Nd2 f5 17. a3 h6 18. Qh5 Qe8 19. Qd1 Qd7 20. Nb3 Nc4 21. Qe2 Kh7
22. Rfd1 Bd5 23. Nxd5 exd5 24. a4 bxa4 25. Nc5 Qb5 26. Ne6 Rf6 27. Nc5 Nxb2 28.
Qxb5 axb5 29. Nd7 Rfc6 0-1